Guia del parc natural de Garraf / text: Àngel Miño ; il·lustracions: Lluís Centelles Àngel Miño ; il·lustracions:
Descripción Física:
180 p. : il., algunes pleg. ; 22 cm
Otros Autores:
Centelles, Lluís
Materias:
Parc del Garraf (Catalunya) -- Guies
MARC
| LEADER | 00000nam a2200000Ia 4500 | ||
|---|---|---|---|
| 001 | 2333 | ||
| 008 | 160829s1986 xx 000 0 cat d | ||
| 080 | |a C-1-330 | ||
| 100 | |a Miño i Salinas, Àngel |9 19884 | ||
| 245 | |a Guia del parc natural de Garraf / text: |b Àngel Miño ; il·lustracions: |b Lluís Centelles | ||
| 260 | |a Barcelona : |b Diputació de Barcelona, Servei de Parcs Naturals, |c 1986 | ||
| 300 | |a 180 p. : |b il., algunes pleg. ; |c 22 cm | ||
| 610 | 1 | 0 | |a Parc del Garraf (Catalunya) |v Guies |9 52677 |
| 700 | |a Centelles, Lluís |9 19886 | ||
| 710 | |a Barcelona (Catalunya : Província). |b Servei de Parcs Naturals |9 53492 | ||
| 901 | |a Arxiu | ||
| 942 | |n 1 | ||
| 952 | |0 0 |1 0 |4 0 |6 C1330 |7 1 |9 41359 |a Arxiu |b Arxiu |d 2016-12-01 |l 0 |o C-1-330 |p 2333 |r 2016-12-01 00:00:00 |w 2016-12-01 |y ARXIU | ||
| 999 | |c 43166 |d 43166 | ||